LEADER 03620nam 2200469 450 001 9910792567603321 005 20230421030712.0 010 $a3-486-79084-6 024 7 $a10.1515/9783486790849 035 $a(CKB)3710000001006827 035 $a(MiAaPQ)EBC5049302 035 $a(DE-B1597)234765 035 $a(OCoLC)979769910 035 $a(DE-B1597)9783486790849 035 $a(Au-PeEL)EBL5049302 035 $a(CaPaEBR)ebr11567571 035 $a(OCoLC)1039702315 035 $a(EXLCZ)993710000001006827 100 $a20180816d1996 uy 0 101 0 $ager 135 $aurcnu|||||||| 181 $ctxt$2rdacontent 182 $cc$2rdamedia 183 $acr$2rdacarrier 200 10$aSozialpolitik in der Bundesrepublik Deutschland Bis Zur Herstellung der Deutschen Einheit$hBand 3$iSozialpolitik in der Bundesrepublik Deutschland bis zur Herstellung der Deutschen Einheit /$fJohannes Frerich, Martin Frey 205 $aReprint 2016 210 1$aMu?nchen ;$aWien :$cR. Oldenbourg Verlag,$d1996. 215 $a1 online resource (801 pages) 311 $a3-486-23788-8 327 $tFrontmatter -- $tVorwort -- $tInhaltsverzeichnis -- $t1. Ausgangssituation in der unmittelbaren Nachkriegszeit -- $t2. Gesellschaftliche Rahmenbedingungen der Sozialpolitik -- $t3. Soziale Entschädigungspolitik -- $t4. Gestaltung der Alters- und Hinterbliebenensicherung -- $t5. Soziale Sicherung bei Krankheit und Invalidität -- $t6. Arbeitsmarktpolitik und Arbeitsförderung -- $t7. Entwicklung der Arbeitsbeziehungen und Arbeitsbedingungen -- $t8. Familienlastenausgleich, Ausbildungsforderung und Jugendhilfe -- $t9. Öffentliche Fürsorge und Sozialhilfe -- $t10. Soziale Wohnungspolitik -- $t11. Soziale Vermögenspolitik -- $t12. Steuerliche Maßnahmen der Sozialpolitik -- $t13. Selbstverwaltung, Sozial- und Arbeitsgerichtsbarkeit -- $t1. Gesellschaftliche Rahmenbedingungen der Sozialpolitik -- $t2. Arbeitsmarktpolitik und Arbeitsförderung -- $t3. Gestaltung der Arbeitsbedingungen und Arbeitsbeziehungen -- $t4. Gestaltung der Alters- und Hinterbliebenensicherung -- $t5. Soziale Sicherung bei Krankheit und Invalidität -- $t6. Soziale Entschädigungen -- $t7. Familienlastenausgleich, Ausbildungsforderung und Jugendpolitik -- $t8. Sozialhilfe -- $t9. Soziale Wohnungspolitik -- $t10. Soziale Vermögenspolitik -- $t11. Steuerliche Maßnahmen der Sozialpolitik -- $t12. Organisationsfragen und soziale Gerichtsbarkeit -- $t1. Sozialpolitik der Europäischen Gemeinschaften -- $t2. Sozialpolitische Aktivitäten des Europarates -- $t3. Internationale Arbeitsorganisation (IAO) -- $t1. Ausgangslage und Entwicklungen nach der Wende in der DDR -- $t2. Von der Herstellung der Sozialunion bis zum Einigungsvertrag -- $t3. Deutsche Einheit und sozialpolitische Regelungen des Einigungsvertrages -- $t1. Aspekte der sozialen Lage im vereinten Deutschland -- $t2. Erste gesetzgeberische Schritte im vereinten Deutschland -- $t3. Rahmenbedingungen und Problembereiche zukünftiger Sozialpolitik -- $tLiteraturverzeichnis -- $tVerzeichnis sonstiger Quellen -- $tVerzeichnis der Abkürzungen -- $tVerzeichnis der Tabellen -- $tPersonenregister -- $tSachregister 606 $aPublic welfare$zGermany$xHistory 615 0$aPublic welfare$xHistory. 676 $a361.680943 700 $aFrerich$b Johannes$01492918 702 $aFrey$b Martin 801 0$bMiAaPQ 801 1$bMiAaPQ 801 2$bMiAaPQ 906 $aBOOK 912 $a9910792567603321 996 $aSozialpolitik in der Bundesrepublik Deutschland Bis Zur Herstellung der Deutschen Einheit$93715685 997 $aUNINA LEADER 03705nam 22007575 450 001 9910735394103321 005 20260126120828.0 010 $a3-030-96840-5 024 7 $a10.1007/978-3-030-96840-3 035 $a(MiAaPQ)EBC7026809 035 $a(Au-PeEL)EBL7026809 035 $a(CKB)24100623200041 035 $a(PPN)269151680 035 $a(OCoLC)1334100536 035 $a(DE-He213)978-3-030-96840-3 035 $a(EXLCZ)9924100623200041 100 $a20220630d2022 u| 0 101 0 $aeng 135 $aurcnu|||||||| 181 $ctxt$2rdacontent 182 $cc$2rdamedia 183 $acr$2rdacarrier 200 10$aAtlas of Dentomaxillofacial Anatomical Imaging /$fedited by Antigoni Delantoni, Kaan Orhan 205 $a1st ed. 2022. 210 1$aCham :$cSpringer International Publishing :$cImprint: Springer,$d2022. 215 $a1 online resource (229 pages) 225 1 $aMedicine Series 311 08$aPrint version: Delantoni, Antigoni Atlas of Dentomaxillofacial Anatomical Imaging Cham : Springer International Publishing AG,c2022 9783030968397 320 $aIncludes bibliographical references. 327 $aChapter 1) Introduction to Dentomaxillofacial Imaging -- Chapter 2) Basic Principles of Intraoral Radiography -- Chapter 3) Intraoral Radiographic Anatomy -- Chapter 4Basic Principles of Panoramic Radiography -- Chapter 5) Panoramic Radiographic Anatomy -- Chapter 6) Cephalometric Radiography -- Chapter 7) Basic Principles of Computer Tomography (MDCT/CBCT). The Use of MDCT and CBCT in Dentomaxillofacial Imaging -- Chapter 8) CBCT Anatomical Imaging -- Chapter 9) MDCT Soft Tissue Anatomy -- Chapter 10) Dentomaxillofacial Ultrasonography: Basic Principles and Radiographic Anatomy -- Chapter 11) Basics of Magnetic Resonance Imaging (MRI) -- Chapter 12) MRI Anatomy -- Chapter 13) Principles of Maxillofacial Angiography -- Chapter 14) Imaging of the Most Common Dental Pathologies -- Chapter 15) Micro CT. . 330 $aThis atlas is a detailed and complete guide on imaging of the dentomaxillofacial region, a region of high interest to a wide range of specialists. A large number of injuries and patient?s treatment involve the facial skeleton. Enriched by radiographic images and illustrations, this book explores the anatomy of this region presenting its imaging characteristics through the most commonly available techniques (MDCT, CBCT, MRI and US). In addition, two special chapters on angiography and micro-CT expand the limits of dentomaxillofacial imaging. This comprehensive book will be an invaluable tool for radiologists, dentists, surgeons and ENT specialists in their training and daily practice. 410 0$aMedicine Series 606 $aRadiology 606 $aDentistry 606 $aSurgery 606 $aRadiology 606 $aDentistry 606 $aSurgery 606 $aBoca$2thub 606 $aMaxil·lars$2thub 606 $aDents$2thub 606 $aRadiografia mèdica$2thub 606 $aCirurgia maxil·lofacial$2thub 608 $aLlibres electrònics$2thub 615 0$aRadiology. 615 0$aDentistry. 615 0$aSurgery. 615 14$aRadiology. 615 24$aDentistry. 615 24$aSurgery. 615 7$aBoca 615 7$aMaxil·lars 615 7$aDents 615 7$aRadiografia mèdica 615 7$aCirurgia maxil·lofacial 676 $a617.522 676 $a617.520754 702 $aDelantoni$b Antigoni 702 $aOrhan$b Kaan 801 0$bMiAaPQ 801 1$bMiAaPQ 801 2$bMiAaPQ 906 $aBOOK 912 $a9910735394103321 996 $aAtlas of dentomaxillofacial anatomical imaging$93412402 997 $aUNINA